A flame in the North / Lilith Saintcrow.
Available copies
- 2 of 2 copies available at LARL/NWRL Consortium.
- 2 of 2 copies available at Lake Agassiz Regional Library. (Show preferred library)
Current holds
0 current holds with 2 total copies.
Show Only Available Copies
| Location | Call Number / Copy Notes | Barcode | Shelving Location | Status | Due Date |
|---|---|---|---|---|---|
| Climax Public Library | SF SAI (Text) | 33500014051015 | Main | Available | - |
| Crookston Public Library | SF SAI (Text) | 33500014051023 | Main | Available | - |
Record details
- ISBN: 9780316440332
- ISBN: 0316440337
- Physical Description: 429 pages : illustration ; 24 cm.
- Edition: First edition.
- Publisher: New York : Orbit, 2024.
Content descriptions
| Summary, etc.: | "The Black Land is spent myth. Centuries have ... Read More |
Search for related items by subject
| Subject: | Women prophets > Fiction. Magic > Fiction. Clans > Fiction. |
| Genre: | Fantasy fiction. Epic fiction. Novels. |
Search for related items by series
| LDR | 02271nam a2200421 i 4500 | ||
|---|---|---|---|
| 001 | 432521 | ||
| 003 | LARL_NWRL_CONSORTIUM | ||
| 005 | 20240905204500.0 | ||
| 008 | 240201s2024 nyua 000 1 eng | ||
| 010 | . | ‡a 2023025338 | |
| 040 | . | ‡aDLC ‡beng ‡erda ‡cIEP ‡dIEP ‡dOCLCO | |
| 020 | . | ‡a9780316440332 ‡q(trade paperback) | |
| 020 | . | ‡a0316440337 ‡q(trade paperback) | |
| 035 | . | ‡a(OCoLC)1419745888 | |
| 082 | 0 | 4. | ‡a813/.6 ‡223/eng/202306012 |
| 100 | 1 | . | ‡aSaintcrow, Lilith, ‡eauthor. ‡0(LARL_NWRL_CONSORTIUM)211016 |
| 245 | 1 | 2. | ‡aA flame in the North / ‡cLilith Saintcrow. |
| 250 | . | ‡aFirst edition. | |
| 264 | 1. | ‡aNew York : ‡bOrbit, ‡c2024. | |
| 300 | . | ‡a429 pages : ‡billustration ; ‡c24 cm. | |
| 336 | . | ‡atext ‡btxt ‡2rdacontent | |
| 337 | . | ‡aunmediated ‡bn ‡2rdamedia | |
| 338 | . | ‡avolume ‡bnc ‡2rdacarrier | |
| 490 | 0 | . | ‡aBlack Land's bane ; ‡v1 |
| 520 | . | ‡a"The Black Land is spent myth. Centuries have passed since the Great Enemy was slain. Yet old fears linger, and on the longest night of the year, every village still lights a ritual fire to banish the dark. That is Solveig's duty. Favored by the gods with powerful magic, Sol calls forth flame to keep her home safe. But when her brother accidentally kills a northern lord's son, she is sent away as weregild--part hostage, part guest--for a year and a day. The further north Sol travels, the clearer it becomes the Black Land is no myth. The forests teem with foul beasts. Her travel companions are not what they seem, and their plans for her and her magic are shrouded in secrecy. With only her loyal shieldmaiden and her own wits to reply upon, Sol must master power beyond her imagination to wrest control of her fate. For the Black Land's army stirs, ready to cover the world in darkness--unless Sol can find the courage to stop it"-- ‡cProvided by publisher. | |
| 650 | 0. | ‡aWomen prophets ‡vFiction. | |
| 650 | 0. | ‡aMagic ‡vFiction. ‡0(LARL_NWRL_CONSORTIUM)165984 | |
| 650 | 0. | ‡aClans ‡vFiction. | |
| 655 | 7. | ‡aFantasy fiction. ‡2lcgft | |
| 655 | 7. | ‡aEpic fiction. ‡2lcgft | |
| 655 | 7. | ‡aNovels. ‡2lcgft | |
| 905 | . | ‡uvanderl | |
| 901 | . | ‡a432521 ‡bAUTOGEN ‡c432521 ‡tbiblio ‡soclc | |

Add to basket
Permalink
Disable Highlighting